Manual de técnica policial (Registro nro. 162873)

Detalles MARC
000 -LEADER
fixed length control field 00656nam a22001937a 4500
005 - DATE AND TIME OF LATEST TRANSACTION
control field 20220627100940.0
008 - FIXED-LENGTH DATA ELEMENTS--GENERAL INFORMATION
fixed length control field 220627b sp ||||| |||| 00| 0 spa d
020 ## - INTERNATIONAL STANDARD BOOK NUMBER
International Standard Book Number 8480025794
050 04 - LIBRARY OF CONGRESS CALL NUMBER
Classification number HV8073
Item number A58 1998
100 1# - MAIN ENTRY--PERSONAL NAME
Personal name Antón Barberá, Francisco
245 10 - TITLE STATEMENT
Title Manual de técnica policial
Statement of responsibility, etc / Francisco Antón Barberá, Juan Vicente de Luis y Turégano.
250 ## - EDITION STATEMENT
Edition statement 1a ed.
260 ## - PUBLICATION, DISTRIBUTION, ETC. (IMPRINT)
Place of publication, distribution, etc Valencia, España :
Name of publisher, distributor, etc tirant lo blanch,
Date of publication, distribution, etc 1998
300 ## - PHYSICAL DESCRIPTION
Extent 246 p. :
Other physical details il. ;
Dimensions 23 cm.
504 ## - BIBLIOGRAPHY, ETC. NOTE
Bibliography, etc Bibliografía : p. 243-246
650 #7 - SUBJECT ADDED ENTRY--TOPICAL TERM
Source of heading or term lemb
Topical term or geographic name as entry element Investigación criminal
700 1# - ADDED ENTRY--PERSONAL NAME
Personal name Luis y Turégano, Juan Vicente de,
Relator term autor
942 ## - ADDED ENTRY ELEMENTS (KOHA)
Source of classification or shelving scheme Biblioteca del Cogreso de los Estados Unidos
Koha item type Libro
Existencias
Estado de pérdida Fuente de clasificación Estado del daño No para préstamo Ubicación permanente Ubicación actual Apartado o colección Fecha de adquisición Fuente de adquisición Edición Área del conocimiento Total Checkouts Clasificación Código de Barras Date last seen Número de copia Costo por reposición Tipo de recurso
  Biblioteca del Cogreso de los Estados Unidos     Biblioteca de la Facultad de Derecho y Ciencias Sociales "Felipe J. Tena" Biblioteca de la Facultad de Derecho y Ciencias Sociales "Felipe J. Tena" Consulta 27/06/2022 Dirección General de Bibliotecas Generado 1a ed. Ciencias Sociales y Administrativas   HV8073 A58 1998 BFD000013712 27/06/2022 C:1 1.00 Libro